<?xml version="1.0" encoding="UTF-8"?>
<collection xmlns="http://www.loc.gov/MARC21/slim">
 <record>
  <leader>01474nam a2200205Ia 4500</leader>
  <controlfield tag="001">CTU_37667</controlfield>
  <controlfield tag="008">210402s9999    xx            000 0 und d</controlfield>
  <datafield tag="082" ind1=" " ind2=" ">
   <subfield code="a">346.0438</subfield>
  </datafield>
  <datafield tag="082" ind1=" " ind2=" ">
   <subfield code="b">V308</subfield>
  </datafield>
  <datafield tag="110" ind1=" " ind2=" ">
   <subfield code="a">Việt Nam</subfield>
  </datafield>
  <datafield tag="110" ind1=" " ind2=" ">
   <subfield code="b">Chính phủ Cộng hoà xã hội chủ nghĩa</subfield>
  </datafield>
  <datafield tag="245" ind1=" " ind2="0">
   <subfield code="a">Luật đất đai</subfield>
  </datafield>
  <datafield tag="245" ind1=" " ind2="0">
   <subfield code="c">Việt Nam ( Cộng hoà xã hội chủ nghĩa ). Chính Phủ</subfield>
  </datafield>
  <datafield tag="260" ind1=" " ind2=" ">
   <subfield code="a">Hà Nội</subfield>
  </datafield>
  <datafield tag="260" ind1=" " ind2=" ">
   <subfield code="b">Chính trị Quốc gia</subfield>
  </datafield>
  <datafield tag="260" ind1=" " ind2=" ">
   <subfield code="c">2004</subfield>
  </datafield>
  <datafield tag="520" ind1=" " ind2=" ">
   <subfield code="a">Nghị định này quy định việc thi hành Luật đất đai đã được Quốc hội khoá XI, kỳ hợp thứ 4 thông pua ngày 26 tháng 12 năm 2003. Quy định phương pháp xác định giá đất, khung giá các loại đất; thu tiền sử dụng đất, thu tiền thuê đất; bồi dưỡng hỗ trợ, tái định cư khi Nhà nước thu hồi đất sử dụng vào mục đích quốc phòng an ninh, lợi ích quốc gia, lợi ích công cộng , pháp triển kinh tế; thanh tra đất đai; xử phạt vi phạm hành chính trong lĩnh vực đất đai được thực hiện theo quy định tại các nghị định khác của chính phủ.</subfield>
  </datafield>
  <datafield tag="650" ind1=" " ind2=" ">
   <subfield code="a">Civil rights,Private law,Quyền công dân,Luật tư pháp</subfield>
  </datafield>
  <datafield tag="904" ind1=" " ind2=" ">
   <subfield code="i">Thi</subfield>
  </datafield>
  <datafield tag="980" ind1=" " ind2=" ">
   <subfield code="a">Trung tâm Học liệu Trường Đại học Cần Thơ</subfield>
  </datafield>
 </record>
</collection>
